00378pab a2200133 454500008004000000100001600040245009300056260000900149300001300158362000800171650002500179700001600204773002400220180718b2011 xxu||||| |||| 00| 0 eng d aGaur, Neetu aConnectivity through routes: Strengthening the relationship between India and Bangladesh c2011 ap.13-24. aSep aRegional cooperation aVijay Laxmi aMan and Development